00631nam a2200169 i 4500001000700000003000900007005001700016007000300033008004100036100003800077245015400115260003600269300002900305500005600334710003700390852003400427146229ES-MaACL20250930063125.0t|070905s1953 cu ||||1| spa d1 aTorriente, Cosme de la, dn. 187213aLa Constituyente de la Yaya / cdiscurso leido por Cosme de la Torriente y Peraza, en la sesión pública celebrada el día 30 de Octubre de 1952. aLa Habana : bSiglo XX, c1953. a68 p. : bil. ; c24 cm. aPrecede al tít.: Academia de la Historia de Cuba.2 aAcademia de la Historia de Cuba. aES-MaACLj2000-F-10 bR.34692